000 00791nam a22002657a 4500
001 7440
003 FISKH
005 20250716092112.0
008 250716b cb ||||| |||| 00| 0 eng d
020 _a9780478029253
040 _aFISKH
_beng
_cFISKH
_dFISKH
050 _aPZ7
082 _a428.62
100 _aBuxton, Jane
245 _aThe changing land /
_cby Jane Buxton
260 _aWellington :
_bLearning Media,
_c1996.
300 _a12 unnumbered pages :
_bcolor illustrations ;
_c19 cm
505 _aaa
520 _aA simple discussion of different forces which can change the physical form of the land.
521 8 _a30
_bLexile Estiamte
521 8 _aaa
_bRaz-Plus
650 _aNature
_vNon-fiction
_xRed Science
942 _2ddc
_cBK
_n0
999 _c7440
_d7440